000 01420nam a2200349Ia 4500
001 ebr10358411
003 CaPaEBR
006 m u
007 cr cn|||||||||
008 000808r20001997nyua sb 001 0 eng d
010 _z 96028151
020 _z9780195134186
020 _z0195134184
040 _aCaPaEBR
_cCaPaEBR
035 _a(OCoLC)435912179
050 1 4 _aNX652.A37
_bG83 2000eb
100 1 _aGubar, Susan,
_d1944-
245 1 0 _aRacechanges
_h[electronic resource] :
_bwhite skin, black face in American culture /
_cSusan Gubar.
246 3 _aRace changes
260 _aNew York ;
_aOxford :
_bOxford University Press,
_c2000.
300 _axxiii, 327 p, [4] p. :
_bill. (some col.).
490 1 _aRace and American culture
504 _aIncludes bibliographical references (p. 293-311) and index.
533 _aElectronic reproduction.
_bPalo Alto, Calif. :
_cebrary,
_d2011.
_nAvailable via World Wide Web.
_nAccess may be limited to ebrary affiliated libraries.
650 0 _aAfrican Americans in popular culture.
650 0 _aBlackface entertainers
_zUnited States
_xHistory
_y20th century.
650 0 _aArts, American
_y20th century.
655 7 _aElectronic books.
_2local
710 2 _aebrary, Inc.
830 0 _aRace and American culture.
856 4 0 _uhttp://site.ebrary.com/lib/rucke/Doc?id=10358411
_zAn electronic book accessible through the World Wide Web; click to view
999 _c211545
_d211545